|
|
|
|
| LEADER |
00000nam a2200000 a 4500 |
| 001 |
UCK7008 |
| 003 |
CL-VaPUC |
| 008 |
051028e20000000CL |||||||||||||||||spa|d |
| 020 |
|
|
|a 9562822427
|
| 082 |
0 |
4 |
|a Ch863
|b DIA
|2 21
|
| 100 |
|
|
|a Díaz Eterovic, Ramón
|e autor
|9 322452
|
| 245 |
1 |
4 |
|a Los siete hijos de Simenon
|
| 250 |
|
|
|a 1a. ed
|
| 300 |
|
|
|a 283 p
|
| 942 |
|
|
|c BK
|
| 945 |
|
|
|d 20051028 00:00:00
|a cmena
|
| 260 |
|
|
|a Santiago
|b LOM
|c 2000
|
| 650 |
|
0 |
|a Novelas chilenas
|9 265425
|
| 650 |
|
0 |
|a Literatura chilena
|9 308278
|
| 583 |
|
|
|a last modification
|c 20051028 00:00:00
|k Rodrigo Vera
|
| 490 |
0 |
|
|a Narrativa
|
| 999 |
|
|
|c 315102
|d 315100
|
| 952 |
|
|
|0 0
|1 0
|4 0
|6 CH_863_000000000000000_DIA_2000
|7 0
|8 A
|9 388017
|a FDOPOS
|b FDOPOS
|d 2019-11-22
|i 4177649
|o Ch863 DIA 2000
|p 4177649
|r 2025-01-22
|w 2019-11-22
|y BK
|k MLH
|